000
00288nam a22001337a 4500
020
_a
0835931943
041
_a
ENG
100
_a
Helen.P
245
_a
Introduction To Food Processing
260
_a
Virginia
_b
Reston Pub
_c
1985
300
_a
321
650
_a
APE (02)
856
_u
APE (02)
999
_c
2878
_d
2878